ბათუმის შოთა რუსთაველის სახელმწიფო უნივერსიტეტის ბიბლიოთეკა

Успехи современной биологии, Том 134. №5. 2014. Сентябрь-Октябрь (ბიბ.ჩანაწერი № 47083)

000 -LEADER
fixed length control field 00566nam a2200181Ia 4500
001 - CONTROL NUMBER
control field 13940
003 - CONTROL NUMBER IDENTIFIER
control field GE_BSU
008 - FIXED-LENGTH DATA ELEMENTS--GENERAL INFORMATION
fixed length control field 181216s||||||||xx |||||||||||||| ||und||
040 ## - CATALOGING SOURCE
Transcribing agency GE_BSU
245 ## - TITLE STATEMENT
Title Успехи современной биологии, Том 134. №5. 2014. Сентябрь-Октябрь
245 ## - TITLE STATEMENT
Statement of responsibility, etc. Гл.ред.И.А.Захаров-Гезечус и др.
260 ## - PUBLICATION, DISTRIBUTION, ETC.
Place of publication, distribution, etc. Москва
260 ## - PUBLICATION, DISTRIBUTION, ETC.
Name of publisher, distributor, etc. Наука
260 ## - PUBLICATION, DISTRIBUTION, ETC.
Date of publication, distribution, etc. 2014
300 ## - PHYSICAL DESCRIPTION
Extent 528стр.29см.
653 ## - INDEX TERM--UNCONTROLLED
Uncontrolled term Успехи современной биологии
942 ## - ADDED ENTRY ELEMENTS (KOHA)
Koha item type პერიოდიკა
ეგზემპლარები
Withdrawn status Lost status Damaged status Not for loan Date acquired Barcode Date last seen Price effective from Koha item type
        2018-12-17 p76667 2018-12-17 2018-12-17 პერიოდიკა